000
00318nam a22001457a 4500
008
210308b ||||| |||| 00| 0 eng d
020
_a
9780520219809
041
_a
eng
080
_a
573
082
_2
573
100
_a
11
101
_a
BIO
245
_a
A natural History Of the Sonoran Desert
942
_2
udc
_c
BK
999
_c
55930
_d
55930